On This Day: October 19th II Quiz Stats

 Plays Quiz Updated Oct 19, 2018

Score 0/7 Timer 03:00
0 Plays Today
Question Answer Wrong Answers
Stock markets around the world begin to crash in an event known as Black Monday. The ______ Industrial Average falls by 22%.
1987
Dow Jones
96.9%
Dan James
0.5%
John Doe
1.4%
Joe Del
0.1%
This Albanian-Indian Roman Catholic nun and missionary is beatified by Pope John Paul II.
2003
Teresa of Calcutta
86.5%
Therese of Lisieux
3%
Sœur Emmanuelle
1.1%
Teresa of Ávila
8.1%
Upset with the lack of military parity among Western powers, ______ withdraws from the League of Nations.
1933
Germany
58.5%
Soviet Union
24%
China
8.5%
Spain
8.9%
Claiming it fell within their zone of influence, this Mediterranean country takes possession of Tripoli, Libya from the Ottoman Empire.
1912
Italy
57.2%
Greece
14%
France
10.8%
Egypt
18%
This American boxer, a four-time world heavyweight champion nicknamed ‘The Real Deal,' is born.
1962
Evander Holyfield
51.3%
Mike Tyson
17.4%
Floyd Mayweather
16.5%
George Foreman
13.8%
A coup is launched against acting President Juan Federico Ponce Vaides, beginning the ten-year _______ Revolution.
1944
Guatemalan
30.7%
Spanish
19.3%
Mexican
28.1%
Cuban
21.4%
Part of the record-breaking 2005 Atlantic hurricane season, Hurricane ______ becomes the most intense tropical cyclone ever recorded in the Atlantic basin.
2005
Wilma
23.1%
Matthew
7.6%
Andrew
45.2%
Harvey
22.4%

You're not logged in!

Compare scores with friends on all Sporcle quizzes.
OR
Log In

Sporcle TV

Today on Sporcle TV


Watch our educational content, quiz creation guides, and fun videos on Sporcle TV.

Show Comments

Extras

Top Quizzes Today


Score Distribution

Your Account Isn't Verified!

In order to create a playlist on Sporcle, you need to verify the email address you used during registration. Go to your Sporcle Settings to finish the process.

Report this User

Report this user for behavior that violates our Community Guidelines.

Details: